01337 2200289 4500001002100000005001500021035002000036007000300056008004100059020002200100082001100122084002000133100003300153245015100186250003200337300004300369650002100412700002900433504003600462520040100498264004200899336002100941337003000962338002300992990001601015990001601031INLIS00000000116447420240820022853 a0010-0824000296ta240820 g 0 ind  a978-623-400-440-3 a2X9.23 aSR 2X9.23 SHO g0 aShohibul Ulum, A.R.epenulis1 aThe great figure of utsman bin affan :bkisah teladan sang ahli sedekah yang menjalani sifat zuhud /cA.R. Shohibul Ulum; penyunting, Fira Husaini aCetakan pertama, April 2023 axiv, 306 halaman :bilustrasi ;c20 cm 4aUtsman bin Affan0 aFira Husainiepenyunting aBibliografi : halaman 296 - 304 aMelalui buku ini, pembaca dapat meneladani kesalihan khalifah yang bergelar Dzunnurain, Sang Pemilik Dua Cahaya, karena Utsman mendapat kehormatan untuk menikahi dua putri Rasulullah SAW, Ruqayyah dan Ummu Kultsum. Di masa kepemimpinannya, dia berijtihad membukukan al-Quran, dengan standar yang dikenal sebagai "Mushaf Utsmani". Mari simak kisah Utsman bin Affan r.a selengkapnya dalam buku ini. aBantul :bAnak Hebat Indonesia,c2023 2rdacontentateks 2rdamediaatanpa perantara 2rdacarrieravolume a54130.66950 a54131.66951